Guess the Logo - Statistics

General Stats
  • This quiz has been taken 221 times
  • The average score is 11 of 15
Answer Stats
Picture Answer % Correct
Amazon
97%
Taco bell
96%
Subway
92%
Lay's
89%
Dove
88%
Safari
85%
Pampers
80%
Audi
77%
Monopoly
76%
Converse
64%
Hershey's
62%
Lacoste
55%
Ray-Ban
45%
Kodak
38%
Quaker Oats
30%
No matching quizzes found
Score Distribution
Percent of People with Each Score
Percentile by Number Answered
Your Score History
You have not taken this quiz